<?xml version="1.0" encoding="UTF-8"?>
<record
    xmlns:xsi="http://www.w3.org/2001/XMLSchema-instance"
    xsi:schemaLocation="http://www.loc.gov/MARC21/slim http://www.loc.gov/standards/marcxml/schema/MARC21slim.xsd"
    xmlns="http://www.loc.gov/MARC21/slim">

  <leader>00768nam a2200133   4500</leader>
  <datafield tag="999" ind1=" " ind2=" ">
    <subfield code="c">35676</subfield>
    <subfield code="d">35676</subfield>
  </datafield>
  <controlfield tag="005">20220426164816.0</controlfield>
  <controlfield tag="008">220426b           ||||| |||| 00| 0 hin d</controlfield>
  <datafield tag="022" ind1=" " ind2=" ">
    <subfield code="a">1354067X</subfield>
  </datafield>
  <datafield tag="245" ind1=" " ind2=" ">
    <subfield code="a">Culture And Psychology </subfield>
    <subfield code="c">Jaan Valsiner</subfield>
  </datafield>
  <datafield tag="260" ind1=" " ind2=" ">
    <subfield code="a">United Kingdom</subfield>
    <subfield code="b">SAGE Publications Ltd</subfield>
  </datafield>
  <datafield tag="520" ind1=" " ind2=" ">
    <subfield code="a">Culture &amp; Psychology is to lead the international scholarly community towards new general theoretical approaches in psychology that include culture. It is not an outlet for purely empirical papers of comparison of people from different ethnic groups. Empirical work is published if demonstrated to be relevant for theory, and adequacy of the data to the phenomena is carefully scrutinized.</subfield>
  </datafield>
  <datafield tag="650" ind1=" " ind2=" ">
    <subfield code="b">culture necessary</subfield>
    <subfield code="x">anthropology, sociology, and history</subfield>
  </datafield>
  <datafield tag="942" ind1=" " ind2=" ">
    <subfield code="c">JR</subfield>
  </datafield>
</record>
